| 000 | 01059cam a2200265 4500 | ||
|---|---|---|---|
| 008 | 031209n2003 000 0 eng u | ||
| 020 | _a1851126864 | ||
| 035 | _a(Sirsi) u124580 | ||
| 041 | _aeng | ||
| 050 |
_a306.1 _c18 |
||
| 110 |
_aUnited Kingdom _bOffice of the Deputy Prime Minister |
||
| 245 |
_aEnglish house condition survey 2001 _cprivate landlords survey |
||
| 260 |
_aNorwich _bHMSO _c2003 |
||
| 300 |
_aiv, 60p. _c30cm. |
||
| 350 | _a28 | ||
| 520 | _aThe 2001 private landlords survey was conducted as part of the 2001 English House Condition Survey (EHCS). It involved a sample of 590 interviews with the owners or agents who manage dwellings identified as privately rented in the main EHCS. View at www.odpm.gov.uk. | ||
| 650 | _aENGLISH HOUSE CONDITION SURVEY 2001 | ||
| 650 | _aHOUSING STOCK | ||
| 650 | _aHOUSING | ||
| 650 | _aSTATISTICS | ||
| 650 | _aRENTED HOUSING | ||
| 690 | _aHOUSING | ||
| 856 |
_uhttps://www.communities.gov.uk/index.asp?id=1155503 _zView the survey (pdf ; 300Kb) on the ODPM website... |
||
| 942 | _n0 | ||
| 999 |
_c103251 _d103251 |
||